Archaeological fieldwork in Egypt : a method of historical research /

محفوظ في:

المؤلف الرئيسي: Reisner, George Andrew, 1867-1942 (مؤلف)

مؤلفون آخرون: D'Auria, Sue (المحرر), Elias, Jonathan Paul, 1958- (المحرر), Lacovara, Peter (المحرر)

التنسيق: كتاب

اللغة: English

منشور في: Albany, New York : The Ancient Egyptian Heritage and Archaeology Fund, [2020].
©2020.

الموضوعات:

الوسوم: إضافة وسم

لا توجد وسوم, كن أول من يضع وسما على هذه التسجيلة!

رقم الطلب: DT56.9 .R457

LEADER 01031nam a22002417a 4500
005 20260209093800.0
008 260209t20202020nyuabc b 001 0deng d
020 |a 9798656761710 
040 |c ARCE Library 
050 1 4 |a DT56.9  |b .R457 
100 1 |a Reisner, George Andrew,   |d 1867-1942,   |e author 
245 1 0 |a Archaeological fieldwork in Egypt :   |b a method of historical research /   |c by George Andrew Reisner; edited by Peter Lacovara, Sue D'Auria and Jonathan P. Elias. 
260 |a Albany, New York :   |b The Ancient Egyptian Heritage and Archaeology Fund,   |c [2020]. 
260 |c ©2020. 
300 |a 139 pages :   |b illustrations, portrait, maps ;   |c 28 cm. 
504 |a Includes bibliographical references (pages 121-126) and index. 
600 1 0 |a Reisner, George Andrew,   |d 1867-1942. 
650 0 |a Archaeology   |z Egypt. 
700 1 |a D'Auria, Sue,   |e editor 
700 1 |a Elias, Jonathan Paul,   |d 1958-   |e editor 
700 1 |a Lacovara, Peter,   |e editor,   |e writer of supplementary textual content 
942 |2 lcc  |c BK 
999 |c 47373  |d 47373